000 00980nas a2200313 4500
001 BR0501109
003 BR-BrBNA
005 20231205105210.0
007 ta
008 230509b bl.|||p| |||| 00| 00por d
040 _aBR-BrBNA
_bpor
_cBiblioteca Nacional de Agricultura
041 _a(Pt)
072 _aQ04
100 1 _aAtti-Santos, A.C.
100 1 _aAgostini, F.
100 1 _aPansera, M.R.
100 1 _aRossato, M.
100 1 _aAtti Serafini, L.
245 1 _aEstudo da qualidade de amostras comerciais de óleos essenciais de alecrim (Rosmarinus officinalis L.)
650 _aALECRIM
650 _aPLANTA MEDICINAL
650 _aÓLEO ESSENCIAL
650 _aCOMPOSIÇÃO QUÍMICA
650 _aPROPRIEDADE FÍSICO-QUÍMICA
650 _aRIO GRANDE DO SUL
773 0 _tRevista Brasileira de Plantas Medicinais (Brazil)
_xISSN 1516-0572
_g(Feb 2004), v. 6(2) p. 44-47
_wBR0501109
909 _a202311
_bLúcia
_c55
_dLúcia Elande
942 _2AGRIS
_n0
_cANA
999 _c181725
_d181725